00690nam a22001937a 4500003000200000005001700002008004100019020002200060050002500082100002400107245009700131250001800228260004500246300006900291504006500360650002700425700002100452700002300473020250324092457.0250324b xxu||||| |||| 00| 0 eng d a978-1-394-22532-3 aHF 5657.4b.W49 2024 aWeygandt, Jerry J.  aManagerial accountingbtools for business decision makingcJerry J. Weygandt and two others. aNinth edition aNew JerseybJohn Wiley & Sons, Incc2024 axxii, 784 pages :bcolored illustrations and pictures ; c28cm  aIncludes bibliographical references, index, and appendices.  aManagerial accounting. aKimmel, Paul D.  aMitchell, Jill E.